000
00312nam a22001097a 4500
005
20250901165504.0
008
210512b |||||||| |||| 00| 0 eng d
050
_a
G 73 .K46 2016
245
_a
SECONDARY GEOGRAPHY FORM FOUR
_c
K.L.B.
260
_a
NAIROBI
_b
K.L.B.
_c
2016
942
_2
lcc
_h
G 73 .K46 2016
999
_c
4780
_d
4780